Paroles - Hécatombe Georges Brassens - Statistiques

Statistiques générales
  • Ce quiz a été pris 39 fois
  • Le résultat moyen est 162 sur 276
Statistiques - réponses
Réponse % Correct
à
100%
A
100%
c'
100%
d'
100%
de
100%
De
100%
l'
100%
le
100%
les
100%
s'
100%
un
100%
au
95%
bottes
95%
chignon
95%
Au
95%
j'
95%
marché
95%
oignons
95%
se
95%
la
90%
propos
90%
que
90%
Brive-La-Gaillarde
85%
crêpaient
85%
dès
85%
des
85%
douzaine
85%
en
85%
En
85%
gaillardes
85%
jour
85%
n'
85%
85%
pour
85%
qui
80%
aventure
75%
échauffourée
75%
gendarmes
75%
interrompre
75%
tenter
75%
tous
75%
tout
75%
vinrent
75%
Ces
70%
ces
70%
cognes
70%
et
70%
inspirés
70%
mal
70%
quelque
70%
sa
70%
une
70%
cheval
65%
monde
65%
par
65%
pied
65%
réconcilie
65%
toute
65%
voiture
65%
agit
60%
furies
60%
il
60%
mégères
60%
qu'il
60%
rosser
60%
sous
60%
assez
55%
aux
55%
bien
55%
farouches
55%
je
55%
mesure
55%
perdant
55%
spectacle
55%
sur
55%
adore
50%
assure
50%
bichais
50%
bras
50%
car
50%
c'est
50%
cieux
50%
croquignole
50%
donnèrent
50%
elle
50%
établi
50%
fait
50%
forme
50%
hécatombe
50%
moi
50%
ruèrent
50%
sans
50%
vergogne
50%
vous
50%
braves
45%
deux
45%
doigts
45%
est
45%
être
45%
excitais
45%
gendarmicides
45%
guignols
45%
hip
45%
Hourra
45%
Ils
45%
ils
45%
mansarde
45%
mort
45%
pandores
45%
pas
45%
plus
45%
réside
45%
ses
45%
succomber
45%
temps
45%
usage
45%
vaches
45%
voyant
45%
anarchie
40%
coups
40%
criant
40%
crier
40%
entre
40%
grand
40%
Hors
40%
logis
40%
lois
40%
macchabées
40%
maréchal
40%
vieux
40%
vive
40%
avaient
35%
cette
35%
ceux
35%
comme
35%
fesses
35%
fut
35%
lui
35%
qu'elle
35%
tombent
35%
attache
30%
belle
30%
couper
30%
crane
30%
étau
30%
gigantesques
30%
mamelles
30%
auraient
25%
autre
25%
avec
25%
bonheur
25%
choses
25%
Frénétique
25%
leur
25%
même
25%
passent
25%
portée
25%
rudesse
25%
selon
25%
avis
20%
fourre
20%
lourdauds
20%
ose
20%
parait
20%
sert
20%
tellement
20%
bas
15%
dire
15%
grasse
15%
n'en
15%
si
15%
compétents
10%
enfin
10%
matraque
10%
peine
10%
son
10%
femelles
5%
gnons
5%
jugeant
5%
ouvrant
5%
comptant
0%
corsage
0%
dilaté
0%
eus
0%
leurs
0%
outrage
0%
retournant
0%
ultime
0%
victimes
0%
Aucun quiz correspondant
Distribution des résultats
% des personnes avec chaque résultat
Percentile par nombre de réponses
Votre historique - résultats
Vous n’avez pas pris ce quiz